000
00196nam a2200085Ia 4500
008
120527s9999 xx 000 0 und d
100
_a
Rusell, b
245
_a
The problem of phoilosophy
942
_c
BK
999
_c
27762
_d
27762